Návrh a realizácia systému pre evidenciu dochádzky v malej firme

Enregistré dans:
Détails bibliographiques
Auteur principal: Valaška, Matúš (Auteur)
Autres auteurs: Juhásová, Bohuslava (Directeur de thèse)
Format: Manuscrit Livre
Langue:slovaque
Publié: 2019
Sujets:
Accès en ligne:http://is.stuba.sk/zp/portal_zp.pl?podrobnosti=146654
Tags: Ajouter un tag
Pas de tags, Soyez le premier à ajouter un tag!

MARC

LEADER 00000ntm a22000003a 4500
001 stuzp71926
003 SK-STU
005 20190622210910.5
007 ta
008 150427s2015----xo-----f-mn---000-0-slo-d
040 |a STU  |b slo 
041 0 |a slo 
100 1 |a Valaška, Matúš  |u 066000  |4 aut  |U MTF Materiálovotechnologická fakulta  |T MTF Ústav aplikovanej informatiky, automatizácie a mechatroniky  |X 73483  |U M6000  |Y 86  |7 73483 
242 0 1 |a Design and implementation of the system to registry attendance in small company  |y eng 
245 1 0 |a Návrh a realizácia systému pre evidenciu dochádzky v malej firme 
260 |c 2019 
650 4 |a Evidencia  |2 slo 
650 4 |a HTML  |2 slo 
650 4 |a CSS  |2 slo 
650 4 |a Javascript  |2 slo 
650 4 |a UML  |2 slo 
650 4 |a Databáza  |2 slo 
650 4 |a PHP  |2 slo 
650 4 |a Dochádzka  |2 slo 
650 4 |a Attendace  |2 eng 
650 4 |a Registry  |2 eng 
650 4 |a HTML  |2 eng 
650 4 |a CSS  |2 eng 
650 4 |a Javascript  |2 eng 
650 4 |a PHP  |2 eng 
650 4 |a UML  |2 eng 
650 4 |a Database  |2 eng 
700 1 |a Juhásová, Bohuslava  |u 066000  |k Z1  |4 ths  |U MTF Materiálovotechnologická fakulta  |T MTF Ústav aplikovanej informatiky, automatizácie a mechatroniky  |X 201  |U M6000  |Y 86  |7 A000000201 
856 4 |u http://is.stuba.sk/zp/portal_zp.pl?podrobnosti=146654 
996 |c M* BP-8736  |l MMSKP  |s P  |a 0  |w stuzp71926_0001